McGlusky, Empire Builder (Record no. 186880)
[ view plain ]
| 000 -LEADER | |
|---|---|
| fixed length control field | 01389 a2200169 4500 |
| 003 - CONTROL NUMBER IDENTIFIER | |
| control field | Nust |
| 005 - DATE AND TIME OF LATEST TRANSACTION | |
| control field | 20230529100043.0 |
| 040 ## - CATALOGING SOURCE | |
| Transcribing agency | Nust |
| 082 ## - DEWEY DECIMAL CLASSIFICATION NUMBER | |
| Classification number | 808.83,HAL |
| 100 ## - MAIN ENTRY--PERSONAL NAME | |
| Personal name | Hales.A G |
| 9 (RLIN) | 112724 |
| 245 ## - TITLE STATEMENT | |
| Title | McGlusky, Empire Builder |
| Statement of responsibility, etc. | A G . Hales |
| 260 ## - PUBLICATION, DISTRIBUTION, ETC. | |
| Place of publication, distribution, etc. | London |
| Name of publisher, distributor, etc. | Wright & Brown |
| 300 ## - PHYSICAL DESCRIPTION | |
| Other physical details | 288:p |
| 505 ## - FORMATTED CONTENTS NOTE | |
| Formatted contents note | Jamie McGlusky has a mission (Page-7), McGlusky holds forth to his empire builders! (Page-16), What happened in funchal! (Page-26), That ugly word mutiny rears its head (Page-45), The clash of arms and after (Page-57), McGlusky pays a peaceful visit with disastrous result (Page-74), McGlusky empire builders start a long trail (Page-90), McGlusky acquires all the horses he wants expect one (Page-101), The half caste shows the cloven hoof (Page-111), McGlusky does a wee bit business (Page-125), De Moamba is turned adrift to seek revenge (Page-135), McGlusky does prepares for visitors (Page-148), McGlusky users stratagem (Page-162), The battle of the naeago river and after (Page-177), McGlusky has a farewell breeze with the Portuguese (Page-195), McGlusky swims out into the night (Page-208), McGlusky leaves a visiting card (Page-222), The island (Page-236), McGlusky makes as big decision (Page-250), The empire takes over (Page-260), The raid on the island (Page-269), The great discovery (Page-281). |
| 650 ## - SUBJECT ADDED ENTRY--TOPICAL TERM | |
| Topical term or geographic name entry element | A Novel |
| 9 (RLIN) | 107173 |
| 942 ## - ADDED ENTRY ELEMENTS (KOHA) | |
| Source of classification or shelving scheme | |
| Koha item type | Book |
| Withdrawn status | Lost status | Source of classification or shelving scheme | Damaged status | Not for loan | Permanent Location | Current Location | Shelving location | Date acquired | Full call number | Barcode | Date last seen | Price effective from | Koha item type | Public note |
|---|---|---|---|---|---|---|---|---|---|---|---|---|---|---|
| Military College of Signals (MCS) | Military College of Signals (MCS) | General Stacks | 12/12/2016 | 808.83,HAL | MCS29915 | 12/08/2016 | 12/12/2016 | Book | Almirah No.56,Shelf No.6 |
